1ers ministres japonais depuis 1947 - Statistiques

Statistiques générales
  • Ce quiz a été pris 19 fois
    8 depuis la dernière actualisation
  • Le résultat moyen est 3 sur 35
Statistiques - réponses
Période Nom % Correct
26 septembre 2006 - 26 septembre 2007 Shinzô Abe
100%
26 décembre 2012 - 16 septembre 2020 Shinzô Abe
100%
4 octobre 2021 - 1 octobre 2024 Fumio Kishida
38%
25 février 1957 - 19 juillet 1960 Nobusuke Kishi
25%
7 juillet 1972 - 9 décembre 1974 Kakuei Tanaka
13%
1 octobre 2024 - ... Shigeru Ishiba
13%
2 septembre 2011 - 26 décembre 2012 Yoshihiko Noda
13%
5 avril 2000 - 26 avril 2001 Yoshirô Mori
13%
17 juillet 1980 - 27 novembre 1982 Zenkô Suzuki
13%
9 novembre 1964 - 7 juillet 1972 Eisaku Satô
0%
19 juillet 1960 - 9 novembre 1964 Hayato Ikeda
0%
10 mars 1948 - 15 octobre 1948 Hitoshi Ashida
0%
10 décembre 1954 - 23 décembre 1956 Ichirô Hatoyama
0%
26 avril 2001 - 26 septembre 2006 Junichirô Koizumi
0%
30 juillet 1998 - 5 avril 2000 Keizô Obuchi
0%
5 novembre 1991 - 9 août 1993 Kiichi Miyazawa
0%
7 décembre 1978 - 12 juin 1980 Masayoshi Ôhira
0%
9 août 1993 - 28 avril 1994 Morihiro Hosokawa
0%
8 juin 2010 - 2 septembre 2011 Naoto Kan
0%
6 novembre 1987 - 3 juin 1989 Noboru Takeshita
0%
11 janvier 1996 - 30 juillet 1998 Ryûtarô Hashimoto
0%
15 octobre 1948 - 10 décembre 1954 Shigeru Yoshida
0%
3 juin 1989 - 10 août 1989 Sôsuke Uno
0%
24 décembre 1976 - 7 décembre 1978 Takeo Fukuda
0%
9 décembre 1974 - 24 décembre 1976 Takeo Miki
0%
23 décembre 1956 - 25 février 1957 Tanzan Ishibashi
0%
24 septembre 2008 - 16 septembre 2009 Tarô Asô
0%
24 mai 1947 - 10 mars 1948 Tetsu Katayama
0%
30 juin 1994 - 11 janvier 1996 Tomiichi Murayama
0%
10 août 1989 - 5 novembre 1991 Toshiki Kaifu
0%
28 avril 1994 - 30 juin 1994 Tsutomu Hata
0%
27 novembre 1982 - 6 novembre 1987 Yasuhiro Nakasone
0%
26 septembre 2007 - 24 septembre 2008 Yasuo Fukuda
0%
16 septembre 2020 - 4 octobre 2021 Yoshihide Suga
0%
16 septembre 2009 - 8 juin 2010 Yukio Hatoyama
0%
Aucun quiz correspondant
Distribution des résultats
% des personnes avec chaque résultat
Percentile par nombre de réponses
Votre historique - résultats
Vous n’avez pas pris ce quiz depuis la dernière actualisation